Type "JetPunk" 15 Times in 15 Seconds (prepare to go insane) - Statistics

General Stats
  • This quiz has been taken 840 times
    839 since last reset
  • The average score is 39 of 105
Answer Stats
JETPUNK % Correct
J
100%
E
95%
T
93%
P
91%
N
90%
U
90%
K
87%
J
85%
E
84%
T
82%
P
81%
U
81%
N
79%
K
78%
J
75%
E
74%
T
73%
P
72%
K
71%
N
71%
U
71%
J
69%
E
68%
P
68%
T
68%
U
67%
N
66%
K
65%
J
64%
E
62%
P
61%
T
61%
N
59%
U
59%
K
58%
J
56%
E
55%
T
53%
P
52%
U
52%
N
51%
K
50%
J
48%
E
47%
T
45%
P
44%
U
43%
N
42%
K
41%
J
38%
E
36%
T
34%
P
33%
U
32%
N
31%
K
29%
J
27%
E
26%
T
25%
P
24%
N
22%
U
22%
K
20%
J
18%
E
16%
T
15%
P
14%
U
14%
K
13%
N
13%
E
11%
J
11%
T
10%
P
8%
K
7%
N
7%
U
7%
E
6%
J
6%
N
5%
P
5%
T
5%
U
5%
J
4%
K
4%
E
3%
P
3%
T
3%
E
2%
J
2%
K
2%
K
2%
N
2%
N
2%
P
2%
T
2%
U
2%
U
2%
E
1%
J
1%
K
1%
N
1%
P
1%
T
1%
U
1%
No matching quizzes found
Score Distribution
Percent of People with Each Score
Percentile by Number Answered
Your Score History
You have not taken this quiz since the last reset